[Event "Weekender - Expert"]
[Site "Enniscrone, Sligo, IE"]
[Date "2026.01.30"]
[Round "1"]
[White "McGrady, Seth"]
[Black "Furstenburg, Brandon"]
[Result "1-0"]
[Board "11"]
[WhiteFideId "2532956"]
[BlackFideId "14309904"]
[WhiteElo "1780"]
[BlackElo "1857"]
[WhiteTeam "IRL"]
[BlackTeam "RSA"]
[WhiteClock "0:11:30"]
[BlackClock "0:00:46"]
[Variant "Standard"]

1. e4 {[%clk 1:30:55]}  c5 {[%clk 1:30:32]} 2. Nf3 {[%clk 1:31:15]}  d6 {[%clk 1:30:59]} 3. d4 {[%clk 1:31:38]}  cxd4 {[%clk 1:31:26]} 4. Nxd4 {[%clk 1:31:56]}  Nf6 {[%clk 1:31:53]} 5. f3 {[%clk 1:31:53]}  g6 {[%clk 1:30:32]} 6. c4 {[%clk 1:31:00]}  Bg7 {[%clk 1:28:04]} 7. Be3 {[%clk 1:30:30]}  O-O {[%clk 1:27:34]} 8. Nc3 {[%clk 1:30:13]}  Nc6 {[%clk 1:21:44]} 9. Qd2 {[%clk 1:28:33]}  Re8 {[%clk 1:10:53]} 10. Be2 {[%clk 1:24:52]}  Bd7 {[%clk 0:54:51]} 11. O-O-O {[%clk 1:14:26]}  a6 {[%clk 0:53:23]} 12. g4 {[%clk 1:11:40]}  b5 {[%clk 0:24:56]} 13. h4 {[%clk 1:04:39]}  Qa5 {[%clk 0:18:09]} 14. Nb3 {[%clk 1:01:19]}  Qc7 {[%clk 0:06:38]} 15. Kb1 {[%clk 0:42:09]}  bxc4 {[%clk 0:05:20]} 16. Bxc4 {[%clk 0:42:02]}  Ne5 {[%clk 0:04:34]} 17. Be2 {[%clk 0:41:51]}  Be6 {[%clk 0:03:27]} 18. h5 {[%clk 0:40:05]}  Nc4 {[%clk 0:02:30]} 19. Bxc4 {[%clk 0:39:42]}  Bxc4 {[%clk 0:02:59]} 20. hxg6 {[%clk 0:37:49]}  fxg6 {[%clk 0:03:10]} 21. Bh6 {[%clk 0:36:07]}  Bxb3 {[%clk 0:01:06]} 22. axb3 {[%clk 0:34:15]}  Bxh6 {[%clk 0:01:33]} 23. Rxh6 {[%clk 0:33:10]}  e6 {[%clk 0:00:51]} 24. Qxd6 {[%clk 0:23:36]}  Qf7 {[%clk 0:01:05]} 25. Rhh1 {[%clk 0:14:29]}  Red8 {[%clk 0:01:12]} 26. Qf4 {[%clk 0:12:13]}  Qe7 {[%clk 0:01:11]} 27. e5 {[%clk 0:11:53]}  Ne8 {[%clk 0:00:55]} 28. Ne4 {[%clk 0:11:28]}  Qf7 {[%clk 0:00:46]} 29. Qxf7+ {[%clk 0:11:30]} 1-0

[Event "Weekender - Expert"]
[Site "Enniscrone, Sligo, IE"]
[Date "2026.01.30"]
[Round "1"]
[White "McDonnell, Odhran"]
[Black "Kurochkin, Iaromir"]
[Result "1/2-1/2"]
[Board "12"]
[WhiteFideId "2507463"]
[BlackFideId "2516969"]
[WhiteElo "1852"]
[BlackElo "1778"]
[WhiteTeam "IRL"]
[BlackTeam "IRL"]
[WhiteClock "0:00:09"]
[BlackClock "0:00:57"]
[Variant "Standard"]

1. d4 {[%clk 1:30:59]}  Nf6 {[%clk 1:27:04]} 2. c4 {[%clk 1:31:13]}  g6 {[%clk 1:25:08]} 3. Nc3 {[%clk 1:31:38]}  Bg7 {[%clk 1:24:43]} 4. e4 {[%clk 1:32:02]}  d6 {[%clk 1:25:04]} 5. Be2 {[%clk 1:32:26]}  O-O {[%clk 1:25:18]} 6. Bg5 {[%clk 1:32:51]}  Nbd7 {[%clk 1:25:19]} 7. Qd2 {[%clk 1:33:03]}  e5 {[%clk 1:25:06]} 8. d5 {[%clk 1:32:30]}  a6 {[%clk 1:20:57]} 9. h4 {[%clk 1:29:04]}  h5 {[%clk 1:19:26]} 10. Nh3 {[%clk 1:27:02]}  Qe8 {[%clk 1:19:01]} 11. Be3 {[%clk 1:25:38]}  Nh7 {[%clk 1:15:13]} 12. Ng5 {[%clk 1:20:43]}  Ndf6 {[%clk 1:13:34]} 13. f3 {[%clk 1:18:08]}  Bd7 {[%clk 0:59:01]} 14. Kf2 {[%clk 1:11:01]}  Nxg5 {[%clk 0:45:13]} 15. hxg5 {[%clk 1:10:18]}  Nh7 {[%clk 0:43:38]} 16. Rag1 {[%clk 1:06:11]}  f6 {[%clk 0:40:10]} 17. gxf6 {[%clk 1:03:09]}  Nxf6 {[%clk 0:38:37]} 18. Ke1 {[%clk 1:03:15]}  Kf7 {[%clk 0:32:43]} 19. Nd1 {[%clk 0:56:14]}  Ke7 {[%clk 0:30:11]} 20. Bg5 {[%clk 0:51:55]}  Rf7 {[%clk 0:22:54]} 21. Nf2 {[%clk 0:47:19]}  Qf8 {[%clk 0:21:01]} 22. Nd3 {[%clk 0:41:15]}  b6 {[%clk 0:15:29]} 23. Qe3 {[%clk 0:35:49]}  Ke8 {[%clk 0:13:25]} 24. Qc1 {[%clk 0:28:31]}  a5 {[%clk 0:11:09]} 25. Be3 {[%clk 0:26:22]}  Rb8 {[%clk 0:06:10]} 26. Nf2 {[%clk 0:19:39]}  c5 {[%clk 0:04:29]} 27. dxc6 {[%clk 0:19:02]}  Bxc6 {[%clk 0:04:56]} 28. Bd3 {[%clk 0:18:33]}  Nd7 {[%clk 0:04:34]} 29. Ke2 {[%clk 0:17:42]}  Nc5 {[%clk 0:04:30]} 30. Rd1 {[%clk 0:15:57]}  Ne6 {[%clk 0:03:27]} 31. Rhe1 {[%clk 0:11:05]}  Nf4+ {[%clk 0:02:28]} 32. Kf1 {[%clk 0:11:22]}  Bh6 {[%clk 0:01:30]} 33. Bb1 {[%clk 0:10:19]}  Bg7 {[%clk 0:00:38]} 34. Qd2 {[%clk 0:09:53]}  Rd7 {[%clk 0:00:40]} 35. a3 {[%clk 0:09:05]}  Qf6 {[%clk 0:01:03]} 36. Nd3 {[%clk 0:08:56]}  Nxd3 {[%clk 0:00:43]} 37. Bxd3 {[%clk 0:08:35]}  h4 {[%clk 0:00:33]} 38. Bg5 {[%clk 0:08:11]}  Qf7 {[%clk 0:01:01]} 39. Bxh4 {[%clk 0:08:27]}  Bf6 {[%clk 0:01:27]} 40. Bg5 {[%clk 0:08:03]}  Ke7 {[%clk 0:01:52]} 41. Ke2 {[%clk 0:07:33]}  Bxg5 {[%clk 0:01:49]} 42. Qxg5+ {[%clk 0:07:57]}  Qf6 {[%clk 0:02:16]} 43. Qe3 {[%clk 0:06:23]}  b5 {[%clk 0:02:28]} 44. b3 {[%clk 0:05:40]}  bxc4 {[%clk 0:02:26]} 45. Bxc4 {[%clk 0:05:57]}  Bb5 {[%clk 0:02:26]} 46. Rb1 {[%clk 0:02:41]}  Bxc4+ {[%clk 0:01:45]} 47. bxc4 {[%clk 0:03:08]}  Rdb7 {[%clk 0:02:00]} 48. Rxb7+ {[%clk 0:02:08]}  Rxb7 {[%clk 0:02:00]} 49. Rd1 {[%clk 0:02:15]}  Qe6 {[%clk 0:01:25]} 50. Qc3 {[%clk 0:02:03]}  Rc7 {[%clk 0:01:25]} 51. Rd5 {[%clk 0:01:48]}  Rc5 {[%clk 0:00:59]} 52. Qd3 {[%clk 0:01:13]}  Qc8 {[%clk 0:00:38]} 53. Rxd6 {[%clk 0:00:40]}  Rxc4 {[%clk 0:01:06]} 54. Kf2 {[%clk 0:00:37]}  Qc5+ {[%clk 0:00:55]} 55. Kg3 {[%clk 0:00:50]}  Qxd6 {[%clk 0:00:54]} 56. Qxc4 {[%clk 0:01:15]}  Qxa3 {[%clk 0:00:44]} 57. Qc7+ {[%clk 0:01:10]}  Ke6 {[%clk 0:00:35]} 58. Qb6+ {[%clk 0:01:10]}  Kf7 {[%clk 0:00:44]} 59. Qc7+ {[%clk 0:01:02]}  Kf6 {[%clk 0:00:39]} 60. Qd8+ {[%clk 0:01:08]}  Kf7 {[%clk 0:00:42]} 61. Qd7+ {[%clk 0:01:06]}  Kf6 {[%clk 0:00:37]} 62. Qd8+ {[%clk 0:00:38]}  Kf7 {[%clk 0:00:57]} 63. Qd7+ {[%clk 0:00:09]} 1/2-1/2

[Event "Weekender - Expert"]
[Site "Enniscrone, Sligo, IE"]
[Date "2026.01.30"]
[Round "1"]
[White "Galvin, Sebastian"]
[Black "Ward, Paul"]
[Result "0-1"]
[Board "13"]
[WhiteFideId "2531429"]
[BlackFideId "2508257"]
[WhiteElo "1775"]
[BlackElo "1845"]
[WhiteTeam "IRL"]
[BlackTeam "IRL"]
[WhiteClock "0:10:33"]
[BlackClock "0:01:33"]
[Variant "Standard"]

1. e4 {[%clk 1:27:05]}  e6 {[%clk 1:30:48]} 2. d4 {[%clk 1:27:20]}  d5 {[%clk 1:31:12]} 3. exd5 {[%clk 1:27:46]}  exd5 {[%clk 1:31:35]} 4. Bd3 {[%clk 1:28:11]}  Nc6 {[%clk 1:31:54]} 5. c3 {[%clk 1:28:34]}  Bd6 {[%clk 1:31:58]} 6. Nf3 {[%clk 1:28:58]}  Nge7 {[%clk 1:32:11]} 7. O-O {[%clk 1:29:18]}  Bg4 {[%clk 1:32:31]} 8. Re1 {[%clk 1:28:04]}  Qd7 {[%clk 1:32:29]} 9. Nbd2 {[%clk 1:27:02]}  f6 {[%clk 1:30:33]} 10. Nf1 {[%clk 1:24:17]}  O-O-O {[%clk 1:28:12]} 11. b4 {[%clk 1:17:48]}  g5 {[%clk 1:25:08]} 12. Ne3 {[%clk 1:13:14]}  h5 {[%clk 1:21:30]} 13. a4 {[%clk 1:06:42]}  Kb8 {[%clk 1:06:16]} 14. a5 {[%clk 1:01:02]}  Rde8 {[%clk 0:51:10]} 15. b5 {[%clk 0:53:58]}  Nd8 {[%clk 0:50:38]} 16. b6 {[%clk 0:44:21]}  f5 {[%clk 0:44:26]} 17. Nxg4 {[%clk 0:39:55]}  hxg4 {[%clk 0:44:15]} 18. Ne5 {[%clk 0:38:55]}  Bxe5 {[%clk 0:38:57]} 19. dxe5 {[%clk 0:37:11]}  Rh5 {[%clk 0:29:35]} 20. bxc7+ {[%clk 0:33:28]}  Qxc7 {[%clk 0:26:28]} 21. Ba3 {[%clk 0:33:16]}  Nf7 {[%clk 0:21:03]} 22. Bxe7 {[%clk 0:24:32]}  Rxe7 {[%clk 0:15:57]} 23. f4 {[%clk 0:21:00]}  gxf3 {[%clk 0:10:48]} 24. Qxf3 {[%clk 0:21:02]}  g4 {[%clk 0:07:04]} 25. Qxd5 {[%clk 0:18:04]}  f4 {[%clk 0:04:49]} 26. Bg6 {[%clk 0:14:03]}  Rhxe5 {[%clk 0:03:03]} 27. Rxe5 {[%clk 0:14:02]}  Qxe5 {[%clk 0:02:07]} 28. Qd1 {[%clk 0:12:31]}  Nd6 {[%clk 0:00:51]} 29. Bh5 {[%clk 0:11:23]}  g3 {[%clk 0:00:56]} 30. hxg3 {[%clk 0:11:28]}  fxg3 {[%clk 0:01:12]} 31. Bf3 {[%clk 0:11:39]}  Qe3+ {[%clk 0:01:30]} 32. Kh1 {[%clk 0:11:44]}  Rh7+ {[%clk 0:01:50]} 33. Bh5 {[%clk 0:12:11]}  Qh6 {[%clk 0:01:48]} 34. Kg1 {[%clk 0:12:27]}  Qxh5 {[%clk 0:02:10]} 35. Qxd6+ {[%clk 0:12:45]}  Kc8 {[%clk 0:01:35]} 36. Qf8+ {[%clk 0:11:50]}  Kd7 {[%clk 0:01:07]} 37. Kf1 {[%clk 0:10:33]}  Rf7+ {[%clk 0:01:33]} 0-1

[Event "Weekender - Expert"]
[Site "Enniscrone, Sligo, IE"]
[Date "2026.01.30"]
[Round "1"]
[White "McIlroy, Ben"]
[Black "Recto, Chiron"]
[Result "1-0"]
[Board "14"]
[WhiteFideId "2525097"]
[BlackFideId "2541556"]
[WhiteElo "1835"]
[BlackElo "1775"]
[WhiteTeam "IRL"]
[BlackTeam "IRL"]
[WhiteClock "1:09:39"]
[BlackClock "0:00:00"]
[Variant "Standard"]

1. d4 {[%clk 1:30:56]}  d5 {[%clk 1:30:52]} 2. c4 {[%clk 1:31:20]}  c6 {[%clk 1:31:15]} 3. Nc3 {[%clk 1:31:41]}  Nf6 {[%clk 1:31:34]} 4. Nf3 {[%clk 1:31:54]}  Bf5 {[%clk 1:31:38]} 5. e3 {[%clk 1:29:41]}  e6 {[%clk 1:31:49]} 6. Bd3 {[%clk 1:29:38]}  Bxd3 {[%clk 1:30:24]} 7. Qxd3 {[%clk 1:30:00]}  Bb4 {[%clk 1:30:45]} 8. Bd2 {[%clk 1:29:57]}  O-O {[%clk 1:30:25]} 9. O-O {[%clk 1:30:17]}  Nbd7 {[%clk 1:30:05]} 10. Nxd5 {[%clk 1:22:59]}  Nxd5 {[%clk 1:29:20]} 11. cxd5 {[%clk 1:21:41]}  Bxd2 {[%clk 1:29:42]} 12. dxe6 {[%clk 1:21:37]}  fxe6 {[%clk 1:29:37]} 13. Qxd2 {[%clk 1:21:28]}  h6 {[%clk 1:29:11]} 14. Rfd1 {[%clk 1:19:57]}  Qc7 {[%clk 1:27:58]} 15. Qc3 {[%clk 1:19:42]}  Rf5 {[%clk 1:23:34]} 16. Rac1 {[%clk 1:10:43]}  Raf8 {[%clk 1:21:02]} 17. e4 {[%clk 1:09:08]}  Rh5 {[%clk 1:21:02]} 18. g3 {[%clk 1:09:39]}  Nf6 {[%clk 0:00:00]} 19. Re1 {[%clk 1:09:39]}  Qe7 {[%clk 0:00:00]} 20. Ne5 {[%clk 1:09:39]}  Qe8 {[%clk 0:00:00]} 21. Qb3 {[%clk 1:09:39]}  Kh8 {[%clk 0:00:00]} 22. Qxb7 {[%clk 1:09:39]}  Rh3 {[%clk 0:00:00]} 23. Qb3 {[%clk 1:09:39]}  Qh5 {[%clk 0:00:00]} 24. Qf3 {[%clk 1:09:39]}  Qxf3 {[%clk 0:00:00]} 25. Nxf3 {[%clk 1:09:39]}  Ng4 {[%clk 0:00:00]} 26. Kg2 {[%clk 1:09:39]}  Rxh2+ {[%clk 0:00:00]} 27. Nxh2 {[%clk 1:09:39]}  Rxf2+ {[%clk 0:00:00]} 28. Kh3 {[%clk 1:09:39]}  Nxh2 {[%clk 0:00:00]} 29. Rxc6 {[%clk 1:09:39]}  Nf3 {[%clk 0:00:00]} 30. Re3 {[%clk 1:09:39]}  Nxd4 {[%clk 0:00:00]} 31. Ra6 {[%clk 1:09:39]}  Rxb2 {[%clk 0:00:00]} 32. Rxa7 {[%clk 1:09:39]}  g5 {[%clk 0:00:00]} 33. Rc3 {[%clk 1:09:39]}  Rb8 {[%clk 0:00:00]} 34. Rcc7 {[%clk 1:09:39]}  Nb5 {[%clk 0:00:00]} 35. Rcb7 {[%clk 1:09:39]}  Rxb7 {[%clk 0:00:00]} 36. Rxb7 {[%clk 1:09:39]}  Nd6 {[%clk 0:00:00]} 37. Re7 {[%clk 1:09:39]}  Nxe4 {[%clk 0:00:00]} 38. Rxe6 {[%clk 1:09:39]}  Nf2+ {[%clk 0:00:00]} 39. Kg2 {[%clk 1:09:39]}  Ng4 {[%clk 0:00:00]} 40. a4 {[%clk 1:09:39]}  Kg7 {[%clk 0:00:00]} 41. a5 {[%clk 1:09:39]}  Kf7 {[%clk 0:00:00]} 42. Re2 {[%clk 1:09:39]}  Kf6 {[%clk 0:00:00]} 43. a6 {[%clk 1:09:39]}  Ne5 {[%clk 0:00:00]} 44. Rxe5 {[%clk 1:09:39]}  Kxe5 {[%clk 0:00:00]} 45. a7 {[%clk 1:09:39]}  Kf5 {[%clk 0:00:00]} 46. a8=Q {[%clk 1:09:39]}  Kg6 {[%clk 0:00:00]} 47. g4 {[%clk 1:09:39]}  h5 {[%clk 0:00:00]} 48. Qc6+ {[%clk 1:09:39]}  Kh7 {[%clk 0:00:00]} 49. gxh5 {[%clk 1:09:39]}  g4 {[%clk 0:00:00]} 50. Qg6+ {[%clk 1:09:39]}  Kh8 {[%clk 0:00:00]} 51. h6 {[%clk 1:09:39]}  g3 {[%clk 0:00:00]} 52. Qg7# {[%clk 1:09:39]} 1-0

[Event "Weekender - Expert"]
[Site "Enniscrone, Sligo, IE"]
[Date "2026.01.30"]
[Round "1"]
[White "Hackett, Len"]
[Black "Menon, Sanjay"]
[Result "0-1"]
[Board "15"]
[WhiteFideId "2505460"]
[BlackFideId "2510804"]
[WhiteElo "1768"]
[BlackElo "1835"]
[WhiteTeam "IRL"]
[BlackTeam "IRL"]
[WhiteClock "1:02:23"]
[BlackClock "0:00:00"]
[Variant "Standard"]

1. e4 {[%clk 1:30:57]}  c5 {[%clk 1:30:54]} 2. Nf3 {[%clk 1:31:12]}  d6 {[%clk 1:31:17]} 3. d4 {[%clk 1:31:19]}  cxd4 {[%clk 1:31:44]} 4. Nxd4 {[%clk 1:31:22]}  Nf6 {[%clk 1:32:09]} 5. Nc3 {[%clk 1:30:19]}  e6 {[%clk 1:32:35]} 6. f3 {[%clk 1:29:23]}  Be7 {[%clk 1:32:59]} 7. Be3 {[%clk 1:28:48]}  O-O {[%clk 1:33:06]} 8. Qd2 {[%clk 1:28:02]}  a6 {[%clk 1:33:03]} 9. O-O-O {[%clk 1:22:55]}  b5 {[%clk 1:32:00]} 10. g4 {[%clk 1:19:20]}  b4 {[%clk 1:27:39]} 11. Nce2 {[%clk 1:19:14]}  d5 {[%clk 1:25:41]} 12. g5 {[%clk 1:02:21]}  Ne8 {[%clk 1:25:52]} 13. Ng3 {[%clk 1:02:39]}  e5 {[%clk 1:25:19]} 14. Ndf5 {[%clk 1:02:11]}  d4 {[%clk 1:25:27]} 15. Nxe7+ {[%clk 1:02:09]}  Qxe7 {[%clk 1:25:55]} 16. Bf2 {[%clk 1:02:23]}  Nc7 {[%clk 1:25:55]} 17. h4 {[%clk 1:02:23]}  Qc5 {[%clk 0:00:00]} 18. f4 {[%clk 1:02:23]}  Nc6 {[%clk 0:00:00]} 19. fxe5 {[%clk 1:02:23]}  Qa5 {[%clk 0:00:00]} 20. Bc4 {[%clk 1:02:23]}  Be6 {[%clk 0:00:00]} 21. Bxe6 {[%clk 1:02:23]}  fxe6 {[%clk 0:00:00]} 22. Kb1 {[%clk 1:02:23]}  Nb5 {[%clk 0:00:00]} 23. c4 {[%clk 1:02:23]}  bxc3 {[%clk 0:00:00]} 24. Qe2 {[%clk 1:02:23]}  Nb4 {[%clk 0:00:00]} 0-1

[Event "Weekender - Expert"]
[Site "Enniscrone, Sligo, IE"]
[Date "2026.01.31"]
[Round "2"]
[White "Nichenametla V, Advaith"]
[Black "McIlroy, Ben"]
[Result "1/2-1/2"]
[Board "1"]
[WhiteFideId "2516896"]
[BlackFideId "2525097"]
[WhiteElo "1895"]
[BlackElo "1835"]
[WhiteTeam "IRL"]
[BlackTeam "IRL"]
[WhiteClock "0:26:11"]
[BlackClock "0:25:28"]
[Variant "Standard"]

1. e4 {[%clk 1:30:59]}  c5 {[%clk 1:30:45]} 2. Nc3 {[%clk 1:31:23]}  Nc6 {[%clk 1:30:58]} 3. Nge2 {[%clk 1:31:31]}  e6 {[%clk 1:30:58]} 4. g3 {[%clk 1:31:12]}  Nf6 {[%clk 1:24:45]} 5. Bg2 {[%clk 1:31:29]}  Be7 {[%clk 1:24:43]} 6. O-O {[%clk 1:30:32]}  d5 {[%clk 1:22:12]} 7. exd5 {[%clk 1:30:10]}  exd5 {[%clk 1:22:09]} 8. d4 {[%clk 1:30:13]}  Bg4 {[%clk 1:21:53]} 9. h3 {[%clk 1:08:23]}  Bh5 {[%clk 1:06:51]} 10. g4 {[%clk 1:04:07]}  Bg6 {[%clk 1:06:36]} 11. Bg5 {[%clk 0:55:19]}  cxd4 {[%clk 0:55:24]} 12. Bxf6 {[%clk 0:54:29]}  Bxf6 {[%clk 0:54:52]} 13. Nxd5 {[%clk 0:54:43]}  O-O {[%clk 0:54:38]} 14. f4 {[%clk 0:50:46]}  h6 {[%clk 0:53:27]} 15. f5 {[%clk 0:43:56]}  Bh7 {[%clk 0:53:51]} 16. Nxf6+ {[%clk 0:43:52]}  Qxf6 {[%clk 0:54:02]} 17. Bxc6 {[%clk 0:44:06]}  Qxc6 {[%clk 0:52:33]} 18. Nxd4 {[%clk 0:44:26]}  Qb6 {[%clk 0:52:20]} 19. Rb1 {[%clk 0:44:38]}  Rad8 {[%clk 0:51:30]} 20. c3 {[%clk 0:44:56]}  Rfe8 {[%clk 0:51:26]} 21. Re1 {[%clk 0:44:26]}  g6 {[%clk 0:48:39]} 22. Kh1 {[%clk 0:35:39]}  Rxe1+ {[%clk 0:35:19]} 23. Qxe1 {[%clk 0:35:59]}  Qa5 {[%clk 0:35:37]} 24. Qe7 {[%clk 0:33:07]}  Qd5+ {[%clk 0:33:14]} 25. Kh2 {[%clk 0:31:39]}  Qd6+ {[%clk 0:30:04]} 26. Qxd6 {[%clk 0:31:54]}  Rxd6 {[%clk 0:30:28]} 27. Re1 {[%clk 0:32:03]}  Kg7 {[%clk 0:29:22]} 28. Kg3 {[%clk 0:29:48]}  Kf6 {[%clk 0:28:21]} 29. Kf4 {[%clk 0:29:17]}  gxf5 {[%clk 0:25:28]} 30. Kg3 {[%clk 0:26:11]} 1/2-1/2

[Event "Weekender - Expert"]
[Site "Enniscrone, Sligo, IE"]
[Date "2026.01.31"]
[Round "2"]
[White "Ward, Paul"]
[Black "Taaffe, Paul"]
[Result "1/2-1/2"]
[Board "2"]
[WhiteFideId "2508257"]
[BlackFideId "2503549"]
[WhiteElo "1845"]
[BlackElo "1888"]
[WhiteTeam "IRL"]
[BlackTeam "IRL"]
[WhiteClock "0:48:48"]
[BlackClock "0:30:27"]
[Variant "Standard"]

1. e4 {[%clk 1:30:58]}  c6 {[%clk 1:25:51]} 2. d4 {[%clk 1:31:17]}  d5 {[%clk 1:25:52]} 3. exd5 {[%clk 1:31:41]}  cxd5 {[%clk 1:26:00]} 4. Bd3 {[%clk 1:32:05]}  Nc6 {[%clk 1:26:09]} 5. c3 {[%clk 1:32:30]}  e5 {[%clk 1:26:12]} 6. dxe5 {[%clk 1:32:18]}  Nxe5 {[%clk 1:26:22]} 7. Bb5+ {[%clk 1:27:15]}  Nc6 {[%clk 1:26:04]} 8. Bf4 {[%clk 1:25:20]}  Nf6 {[%clk 1:25:09]} 9. Nf3 {[%clk 1:22:15]}  Bc5 {[%clk 1:22:56]} 10. O-O {[%clk 1:16:55]}  O-O {[%clk 1:21:18]} 11. Bg5 {[%clk 1:10:22]}  Be7 {[%clk 1:11:11]} 12. h3 {[%clk 1:08:42]}  h6 {[%clk 1:06:37]} 13. Be3 {[%clk 1:06:57]}  Be6 {[%clk 1:01:39]} 14. Nbd2 {[%clk 1:05:43]}  Qc7 {[%clk 0:59:20]} 15. Bd3 {[%clk 1:04:05]}  Bd6 {[%clk 0:55:24]} 16. Nb3 {[%clk 1:01:55]}  a6 {[%clk 0:52:11]} 17. Bc5 {[%clk 0:57:49]}  Rad8 {[%clk 0:47:51]} 18. Bxd6 {[%clk 0:56:28]}  Qxd6 {[%clk 0:45:46]} 19. Nbd4 {[%clk 0:56:13]}  Nxd4 {[%clk 0:39:14]} 20. Nxd4 {[%clk 0:55:38]}  Rfe8 {[%clk 0:36:14]} 21. Re1 {[%clk 0:55:05]}  Bd7 {[%clk 0:34:39]} 22. Qf3 {[%clk 0:49:32]}  Qb6 {[%clk 0:30:27]} 23. Bc2 {[%clk 0:48:57]}  Bc6 {[%clk 0:30:27]} 24. Bb3 {[%clk 0:48:48]} 1/2-1/2

[Event "Weekender - Expert"]
[Site "Enniscrone, Sligo, IE"]
[Date "2026.01.31"]
[Round "2"]
[White "Heron, Lorcan"]
[Black "Cawston, M John"]
[Result "1-0"]
[Board "3"]
[WhiteFideId "2529343"]
[BlackFideId "434000"]
[WhiteElo "1883"]
[BlackElo "1812"]
[WhiteTeam "IRL"]
[BlackTeam "ENG"]
[WhiteClock "1:09:48"]
[BlackClock "1:06:57"]
[Variant "Standard"]

1. e4 {[%clk 1:30:56]}  Nf6 {[%clk 1:30:57]} 2. Nc3 {[%clk 1:31:15]}  d5 {[%clk 1:31:23]} 3. e5 {[%clk 1:31:39]}  Ne4 {[%clk 1:31:51]} 4. Nce2 {[%clk 1:31:48]}  d4 {[%clk 1:31:16]} 5. c3 {[%clk 1:32:00]}  dxc3 {[%clk 1:31:13]} 6. Qa4+ {[%clk 1:31:04]}  Nd7 {[%clk 1:31:26]} 7. Qxe4 {[%clk 1:31:29]}  Nc5 {[%clk 1:31:38]} 8. Qd4 {[%clk 1:29:29]}  Nd3+ {[%clk 1:31:50]} 9. Kd1 {[%clk 1:28:49]}  Qxd4 {[%clk 1:31:26]} 10. Nxd4 {[%clk 1:29:01]}  cxb2 {[%clk 1:31:46]} 11. Bxb2 {[%clk 1:26:56]}  Nxb2+ {[%clk 1:29:09]} 12. Kc2 {[%clk 1:27:23]}  Na4 {[%clk 1:28:57]} 13. e6 {[%clk 1:22:18]}  fxe6 {[%clk 1:29:15]} 14. Ngf3 {[%clk 1:22:45]}  c5 {[%clk 1:24:19]} 15. Nb5 {[%clk 1:18:24]}  Kf7 {[%clk 1:22:31]} 16. Ne5+ {[%clk 1:09:49]}  Kf6 {[%clk 1:19:41]} 17. f4 {[%clk 1:10:09]}  a6 {[%clk 1:17:15]} 18. Nc7 {[%clk 1:10:37]}  Rb8 {[%clk 1:17:42]} 19. Bd3 {[%clk 1:09:59]}  g5 {[%clk 1:06:57]} 20. Ne8# {[%clk 1:09:48]} 1-0

[Event "Weekender - Expert"]
[Site "Enniscrone, Sligo, IE"]
[Date "2026.01.31"]
[Round "2"]
[White "Alvarez Jimenez, Alfonso"]
[Black "O`Shea, Niall"]
[Result "1-0"]
[Board "4"]
[WhiteFideId "2297418"]
[BlackFideId "2505142"]
[WhiteElo "1868"]
[BlackElo "1788"]
[WhiteTeam "ESP"]
[BlackTeam "IRL"]
[WhiteClock "0:37:43"]
[BlackClock "0:01:05"]
[Variant "Standard"]

1. d4 {[%clk 1:24:26]}  e6 {[%clk 1:30:37]} 2. c4 {[%clk 1:24:47]}  Nf6 {[%clk 1:30:54]} 3. Nc3 {[%clk 1:25:08]}  Bb4 {[%clk 1:31:15]} 4. Nf3 {[%clk 1:25:27]}  Bxc3+ {[%clk 1:23:08]} 5. bxc3 {[%clk 1:23:48]}  Nc6 {[%clk 1:21:38]} 6. d5 {[%clk 1:13:01]}  exd5 {[%clk 1:19:18]} 7. cxd5 {[%clk 1:13:15]}  Ne7 {[%clk 1:19:25]} 8. c4 {[%clk 1:12:52]}  h6 {[%clk 1:19:42]} 9. Bb2 {[%clk 1:10:17]}  Ng6 {[%clk 1:13:00]} 10. Qd4 {[%clk 0:59:00]}  Qe7 {[%clk 1:02:27]} 11. e3 {[%clk 0:56:07]}  Ne4 {[%clk 0:45:10]} 12. Bd3 {[%clk 0:53:16]}  Qb4+ {[%clk 0:17:02]} 13. Ke2 {[%clk 0:52:08]}  Nc5 {[%clk 0:04:22]} 14. Bxg6 {[%clk 0:51:58]}  fxg6 {[%clk 0:04:15]} 15. Bc3 {[%clk 0:52:04]}  Qb6 {[%clk 0:02:05]} 16. Qxg7 {[%clk 0:52:10]}  Rf8 {[%clk 0:01:34]} 17. Rhb1 {[%clk 0:48:43]}  Qa6 {[%clk 0:00:47]} 18. Rb5 {[%clk 0:48:14]}  d6 {[%clk 0:00:34]} 19. Qxg6+ {[%clk 0:48:15]}  Rf7 {[%clk 0:00:39]} 20. Nd4 {[%clk 0:46:33]}  c6 {[%clk 0:00:33]} 21. Ne6 {[%clk 0:39:45]}  Qa3 {[%clk 0:00:36]} 22. Qg8+ {[%clk 0:39:58]}  Ke7 {[%clk 0:01:05]} 23. Qd8# {[%clk 0:37:43]} 1-0